[Event "N�-LL 2005/06"]
[Site "?"]
[Date "2005.11.13"]
[Round "5"]
[White "Szvetits, Rene"]
[Black "Weinzettl, Ernst"]
[Result "0-1"]
[WhiteElo "2046"]
[BlackElo "2325"]
[Annotator "Bad V�slau/Kottingbrunn : P�chlarn"]
[PlyCount "132"]
[EventDate "2005.09.27"]
[SourceDate "2005.11.16"]

1. e4 e6 2. d4 d5 3. exd5 exd5 4. Bd3 c5 5. dxc5 Bxc5 6. Nf3 Nc6 7. h3 Nge7 8.
O-O O-O 9. Nbd2 Qd6 10. Nb3 Bb6 11. c3 Nf5 12. Nbd4 Nfxd4 13. Nxd4 Nxd4 14.
cxd4 Bc7 15. f4 Bb6 16. Kh1 Qf6 17. Be3 Re8 18. Rf3 Bf5 19. Bxf5 Qxf5 20. Qd2
Re4 21. Rc1 Rae8 22. a3 h6 23. Rc3 Qf6 24. Rd3 Rc8 25. Rf1 Qe7 26. f5 Qf6 27.
g4 Qh4 28. Kg2 Rce8 29. Rf3 Qf6 30. Kf1 g5 31. Kg2 Bc7 32. Kf1 Qa6 33. Kf2 f6
34. Qc2 Qd6 35. Kf1 Bb6 36. Qd2 Kf7 37. Kg1 h5 38. gxh5 Rg8 39. Kf1 Rh8 40. Qf2
Rxh5 41. Qg3 Qxg3 42. Rxg3 Ke7 43. Rb3 Kd7 44. Rf3 Rh7 45. Bf2 Kd8 46. Rb5 Rd7
47. Rb4 Rd6 48. Kg2 Kc8 49. Rd3 Rd8 50. Bg3 Rd7 51. Kf3 Bc7 52. Ra4 Bxg3 53.
Kxg3 b6 54. Rb4 Kb7 55. a4 Rf4 56. Rf3 Rxf3+ 57. Kxf3 Rh7 58. Kg3 Rh4 59. a5
Kc6 60. axb6 axb6 61. Ra4 Rf4 62. b3 Rxf5 63. h4 gxh4+ 64. Kxh4 Rf3 65. Rb4 b5
66. Kg4 Rf1 0-1

[Event "N�-LL 2005/06"]
[Site "?"]
[Date "2005.11.13"]
[Round "5"]
[White "Wiesinger"]
[Black "Brehovsky, Paul"]
[Result "1/2-1/2"]
[WhiteElo "2232"]
[BlackElo "2025"]
[Annotator "Bad V�slau/Kottingbrunn : P�chlarn"]
[PlyCount "105"]
[EventDate "2005.09.27"]
[SourceDate "2005.11.16"]

1. e4 e6 2. d4 d5 3. Nc3 dxe4 4. Nxe4 Nf6 5. Nxf6+ Qxf6 6. Nf3 h6 7. Be3 Nc6 8.
g3 Bd6 9. Bg2 O-O 10. c4 Rd8 11. Qb3 e5 12. d5 Nd4 13. Bxd4 exd4 14. O-O c5 15.
dxc6 bxc6 16. Qd3 Bc5 17. Nd2 Bf5 18. Be4 Bh3 19. Rfd1 Rab8 20. Nb3 Bf8 21. Qf3
Qxf3 22. Bxf3 c5 23. Bd5 Re8 24. Re1 Bd6 25. f3 Bd7 26. Kf2 Rxe1 27. Kxe1 Ba4
28. Kd1 Kf8 29. Kc2 Re8 30. Kd2 Re3 31. Na5 Bc7 32. Nb7 Bb6 33. Re1 Rxe1 34.
Kxe1 Ke7 35. Kd2 Kd7 36. a3 Bc6 37. b4 Bxd5 38. cxd5 c4 39. Nc5+ Kd6 40. Na6
Kxd5 41. a4 c3+ 42. Kd3 Bd8 43. Nc5 a5 44. Nb3 axb4 45. Nxd4 Bb6 46. Ne2 Bf2
47. Nf4+ Kc5 48. Ne2 Kb6 49. Kc4 Ka5 50. Kb3 Be3 51. g4 g6 52. h4 c2 53. Kxc2
1/2-1/2

[Event "N�-LL 2005/06"]
[Site "?"]
[Date "2005.11.13"]
[Round "5"]
[White "Zojer, Thomas"]
[Black "Prod, Robert"]
[Result "1-0"]
[WhiteElo "2044"]
[BlackElo "2032"]
[Annotator "Bad V�slau/Kottingbrunn : P�chlarn"]
[PlyCount "61"]
[EventDate "2005.09.27"]
[SourceDate "2005.11.16"]

1. d4 Nf6 2. Nf3 d5 3. c4 e6 4. Nc3 c6 5. e3 Bd6 6. Qc2 O-O 7. Bd2 Nbd7 8. Bd3
dxc4 9. Bxc4 e5 10. O-O Qe7 11. Rad1 e4 12. Ng5 Nb6 13. Bb3 Bxh2+ 14. Kxh2 Ng4+
15. Kg1 Qxg5 16. Qxe4 Bf5 17. Qf3 Qh5 18. Qg3 Bd3 19. Rfe1 Rad8 20. Bc1 Bg6 21.
e4 Rd7 22. Rd3 Nf6 23. Bd1 Qa5 24. f4 Rfd8 25. f5 Nxe4 26. Nxe4 Bxf5 27. Nf6+
Kh8 28. Rde3 Qxe1+ 29. Rxe1 gxf6 30. Bh6 Rg8 31. Re8 1-0

[Event "N�-LL 2005/06"]
[Site "."]
[Date "2005.11.13"]
[Round "5"]
[White "Hangweyrer, Manfred"]
[Black "Penz, Harald"]
[Result "1-0"]
[WhiteElo "2327"]
[BlackElo "2283"]
[Annotator "Mauerbach : Stockerau"]
[PlyCount "47"]
[EventDate "2005.??.??"]

1. e4 e5 2. Nf3 Nf6 3. Nc3 Nc6 4. g3 Nxe4 5. Nxe4 d5 6. Nc3 d4 7. Bg2 dxc3 8.
bxc3 Bc5 9. O-O O-O 10. Re1 Qd6 11. d3 Bf5 12. Rb1 Bb6 13. Nd2 Rfe8 14. Nc4 Qg6
15. Rb5 f6 16. a4 Be6 17. a5 Bxc4 18. dxc4 a6 19. axb6 axb5 20. cxb5 Rad8 21.
Bd5+ Kh8 22. bxc7 Rd7 23. bxc6 bxc6 24. Bxc6 1-0

 bxc6 bxc6 24. Bxc6 1-0

[Event "N�-LL 2005/06"]
[Site "."]
[Date "2005.11.13"]
[Round "5"]
[White "Weissenbeck, Manuel"]
[Black "Gr�tz, Harald"]
[Result "1/2-1/2"]
[WhiteElo "2248"]
[BlackElo "2296"]
[Annotator "Mauerbach : Stockerau"]
[PlyCount "31"]
[EventDate "2005.??.??"]

1. d4 Nf6 2. Nf3 g6 3. c4 Bg7 4. Nc3 O-O 5. e4 d6 6. Be2 e5 7. O-O Na6 8. Re1
c6 9. Rb1 exd4 10. Nxd4 Nc5 11. Bf3 a5 12. a3 Re8 13. Bf4 Bf8 14. b4 axb4 15.
axb4 Ne6 16. Be3 1/2-1/2

 Be3 1/2-1/2

[Event "N�-LL 2005/06"]
[Site "."]
[Date "2005.11.13"]
[Round "5"]
[White "Batyte, Daiva"]
[Black "Schorn, Christoph"]
[Result "1/2-1/2"]
[WhiteElo "2180"]
[BlackElo "2162"]
[Annotator "Mauerbach : Stockerau"]
[PlyCount "64"]
[EventDate "2005.??.??"]

1. e4 c5 2. Nf3 d6 3. c3 Nf6 4. Bd3 Nc6 5. h3 g6 6. Bc2 Bg7 7. d3 O-O 8. Nbd2
b5 9. O-O b4 10. d4 bxc3 11. bxc3 Qa5 12. Bb2 Ba6 13. Re1 cxd4 14. Nb3 Qb5 15.
cxd4 Nb4 16. d5 Nxc2 17. Qxc2 Rfc8 18. Qd2 Qd3 19. Qa5 Rc2 20. Bd4 Qb5 21. Qxb5
Bxb5 22. e5 dxe5 23. Rxe5 Bc4 24. Rxe7 Nxd5 25. Ree1 Nb4 26. Bxg7 Kxg7 27. Rec1
Re8 28. a3 Bxb3 29. axb4 Re4 30. Rxc2 Bxc2 31. Rxa7 Rxb4 32. Rc7 Be4 1/2-1/2

4 Re4 30. Rxc2 Bxc2 31. Rxa7 Rxb4 32. Rc7 Be4 1/2-1/2

[Event "N�-LL 2005/06"]
[Site "."]
[Date "2005.11.13"]
[Round "5"]
[White "Bechmann, Gerhard"]
[Black "Schmid, Thomas"]
[Result "1-0"]
[WhiteElo "2040"]
[BlackElo "2085"]
[Annotator "Mauerbach : Stockerau"]
[PlyCount "109"]
[EventDate "2005.??.??"]

1. e4 c5 2. Nf3 d6 3. d4 cxd4 4. Nxd4 Nf6 5. Nc3 e6 6. Be3 Be7 7. g4 h6 8. Be2
Nc6 9. Nb3 a6 10. Qd2 b5 11. a3 Bb7 12. f3 Rc8 13. O-O-O Ne5 14. Kb1 Nc4 15.
Bxc4 Rxc4 16. Qe2 d5 17. Bd4 O-O 18. h4 Nd7 19. exd5 exd5 20. g5 h5 21. f4 g6
22. f5 Kh7 23. fxg6+ fxg6 24. Rhf1 Bd6 25. Rxf8 Nxf8 26. Rf1 Qd7 27. Rf6 Rc7
28. Qd3 Qe7 29. Ne2 Bc8 30. Bc3 Bf5 31. Qd4 Rxc3 32. Nxc3 Be5 33. Rf7+ Qxf7 34.
Qxe5 Qe6 35. Qxe6 Nxe6 36. Nxd5 Kg7 37. Kc1 Be4 38. Ne3 Kf7 39. Kd2 a5 40. Kc3
Nf4 41. Kd4 Ba8 42. Ke5 Ne2 43. Nxa5 Ng1 44. Nb3 Nf3+ 45. Kf4 Ke6 46. c3 Ne1
47. Nc5+ Kd6 48. b4 Bc6 49. c4 bxc4 50. Nxc4+ Kd5 51. Ne3+ Kd4 52. a4 Nf3 53.
Ne6+ Kc3 54. b5 Ba8 55. Nc7 1-0

 1-0

 1-0

[Event "N�-LL 2005/06"]
[Site "?"]
[Date "2005.11.13"]
[Round "5"]
[White "Rumpl, Erwin"]
[Black "Volkmann, Friedrich"]
[Result "1/2-1/2"]
[WhiteElo "2290"]
[BlackElo "2415"]
[Annotator "Wr.Neustadt : Amstetten"]
[PlyCount "82"]
[EventDate "2005.11.13"]
[SourceDate "2005.11.13"]

1. e4 e5 2. Nf3 Nf6 3. Nxe5 Nxe4 4. Qe2 Qe7 5. Qxe4 d6 6. d4 dxe5 7. dxe5 Nc6
8. Bb5 Bd7 9. Nc3 O-O-O 10. O-O Nxe5 11. Bxd7+ Nxd7 12. Bf4 Qxe4 13. Nxe4 Nc5
14. Nxc5 Bxc5 15. Rfd1 Bd4 16. c3 Bf6 17. Kf1 a5 18. a4 c6 19. Rxd8+ Rxd8 20.
Ke2 Rd5 21. h3 b6 22. Be3 Kb7 23. Ra2 Rd7 24. g4 Ka6 25. c4 Bd4 26. Bxd4 Rxd4
27. b3 b5 28. Ke3 Rd6 29. cxb5+ cxb5 30. Rc2 Rh6 31. Rc7 Rxh3+ 32. f3 f5 33.
gxf5 bxa4 34. bxa4 Rg3 35. f6 gxf6 36. Rc6+ Kb7 37. Rxf6 Rh3 38. Kd4 Rh1 39. f4
Ra1 40. Rh6 Rxa4+ 41. Ke5 Ra1 1/2-1/2

1. Ke5 Ra1 1/2-1/2

[Event "N�-LL 2005/06"]
[Site "?"]
[Date "2005.11.13"]
[Round "5"]
[White "Schroll, Gerhard"]
[Black "Wadsack, Wolfgang"]
[Result "1-0"]
[WhiteElo "2341"]
[BlackElo "2219"]
[Annotator "Wr.Neustadt : Amstetten"]
[PlyCount "65"]
[EventDate "2005.11.13"]
[SourceDate "2005.11.13"]

1. e4 d5 2. exd5 Nf6 3. Bb5+ Nbd7 4. c4 a6 5. Ba4 b5 6. cxb5 Nxd5 7. Nf3 N5b6
8. d4 Bb7 9. bxa6 Rxa6 10. Bb5 Ra5 11. Nc3 e6 12. O-O Bd6 13. Bd2 O-O 14. Bd3
Rh5 15. h3 Qa8 16. Be2 Rf5 17. Nb5 Rb8 18. a4 Nd5 19. Nxd6 cxd6 20. b4 Nf4 21.
Bxf4 Rxf4 22. b5 Bxf3 23. Bxf3 Qa7 24. Qb3 Rxd4 25. a5 d5 26. b6 Qa6 27. Qb2 e5
28. Be2 Qa8 29. Rfc1 Rf4 30. Rc7 Rb7 31. Bb5 Rxc7 32. bxc7 Nf8 33. Rc1 1-0

8 33. Rc1 1-0

[Event "N�-LL 2005/06"]
[Site "?"]
[Date "2005.11.13"]
[Round "5"]
[White "Wadsack, Winfried"]
[Black "Posch, Werner"]
[Result "1/2-1/2"]
[WhiteElo "2119"]
[BlackElo "2206"]
[Annotator "Wr.Neustadt : Amstetten"]
[PlyCount "79"]
[EventDate "2005.11.13"]
[SourceDate "2005.11.13"]

1. e4 Nf6 2. Nc3 d5 3. e5 Ne4 4. Nce2 d4 5. c3 Nc6 6. cxd4 Ng5 7. Qa4 a6 8. d3
Ne6 9. Nf3 b5 10. Qc2 Bb7 11. Be3 Nb4 12. Qb3 c5 13. a3 Bd5 14. Qc3 Bxf3 15.
gxf3 cxd4 16. Nxd4 Nxd4 17. Bxd4 Qxd4 18. axb4 Qd7 19. Rc1 e6 20. Bg2 Kd8 21.
Ke2 Rc8 22. Qxc8+ Qxc8 23. Rxc8+ Kxc8 24. Rc1+ Kd7 25. Ra1 Bxb4 26. Rxa6 Rc8
27. Ra7+ Ke8 28. Kd1 g5 29. Rb7 Rc5 30. d4 Rd5 31. Ke2 Rxd4 32. Rxb5 Rd2+ 33.
Ke3 Rxb2 34. Bf1 Kf8 35. Bd3 Kg7 36. Kd4 h5 37. h3 h4 38. Ke4 Kh6 39. Rb8 Kg7
40. Rb5 1/2-1/2

. Rb5 1/2-1/2

[Event "N�-LL 2005/06"]
[Site "?"]
[Date "2005.11.13"]
[Round "5"]
[White "Lucaci, Marius"]
[Black "Bachmayer, Josef"]
[Result "0-1"]
[WhiteElo "2153"]
[BlackElo "2109"]
[Annotator "Wr.Neustadt : Amstetten"]
[PlyCount "75"]
[EventDate "2005.11.13"]
[SourceDate "2005.11.13"]

1. e4 g6 2. d4 Bg7 3. c4 d6 4. Nc3 Nd7 5. Be3 e5 6. d5 Nh6 7. g4 f6 8. h3 O-O
9. Qd2 Nf7 10. Nge2 c5 11. dxc6 bxc6 12. Ng3 Re8 13. f3 Nf8 14. b4 Be6 15. h4
Rb8 16. a3 Qe7 17. Qf2 Rb7 18. h5 Rd8 19. Rd1 Qc7 20. Be2 a5 21. b5 cxb5 22.
Nxb5 Qc6 23. Rc1 a4 24. Kf1 Ng5 25. Kg2 Bf7 26. hxg6 hxg6 27. Bf1 Nfe6 28. Qd2
Bf8 29. Qa5 Qe8 30. Ne2 Ra8 31. Qd2 Qc6 32. Nec3 Rd8 33. Nd5 Bg7 34. Be2 Nh7
35. Qa5 Qc8 36. Qxa4 g5 37. Qa6 Be8 38. Nb6 {Rest nicht lesbar 0:1 im 64. Zug}
0-1

[Event "N�-LL 2005/06"]
[Site "?"]
[Date "2005.11.13"]
[Round "5"]
[White "Loidl, Florian"]
[Black "W�ber, Friedrich"]
[Result "0-1"]
[WhiteElo "2132"]
[BlackElo "2155"]
[Annotator "Krems : B�hlerwerk"]
[PlyCount "52"]
[EventDate "2005.09.27"]
[SourceDate "2005.11.17"]

1. e4 e5 2. Nf3 Nc6 3. Bb5 f5 4. d4 fxe4 5. Bxc6 dxc6 6. Nxe5 Qh4 7. O-O Nf6 8.
Nc3 Bd6 9. f4 O-O 10. Qe2 Bf5 11. Be3 Rae8 12. Rae1 Nd5 13. Nxd5 cxd5 14. Qb5
Be6 15. g3 Qh3 16. b3 b6 17. f5 Bxf5 18. Qxd5+ Re6 19. Rxf5 Qxf5 20. g4 Qf6 21.
Bg5 Qf2+ 22. Kh1 Qxe1+ 23. Kg2 Rf2+ 24. Kh3 Qf1+ 25. Kg3 Qg2+ 26. Kh4 Qxh2# 0-1

[Event "N�-LL 2005/06"]
[Site "?"]
[Date "2005.11.13"]
[Round "5"]
[White "Winiwarter, Felix"]
[Black "Lovrinovic, Christian"]
[Result "1/2-1/2"]
[WhiteElo "2119"]
[BlackElo "2155"]
[Annotator "Krems : B�hlerwerk"]
[PlyCount "135"]
[EventDate "2005.09.27"]
[SourceDate "2005.11.17"]

1. e4 c5 2. Nf3 d6 3. d4 cxd4 4. Nxd4 Nf6 5. Nc3 g6 6. Be3 Bg7 7. Be2 Nc6 8.
O-O O-O 9. Nb3 Be6 10. f4 Qc8 11. h3 Rd8 12. Bf3 Bc4 13. Rf2 e6 14. Rd2 Qc7 15.
Qe1 Rac8 16. Qf2 b5 17. a3 Rd7 18. Rad1 b4 19. axb4 Nxb4 20. Nd4 Qa5 21. g4 d5
22. e5 Ne8 23. h4 Nc6 24. h5 Rb7 25. hxg6 hxg6 26. Nxc6 Rxc6 27. Bd4 Qc7 28.
Qh4 Qe7 29. g5 Qc7 30. Rh2 Kf8 31. Rh3 Ra6 32. b3 Bb5 33. Kg2 Rc6 34. Bg4 a5
35. Rdh1 a4 36. bxa4 Ba6 37. Qf2 Qa5 38. Qd2 Rbc7 39. Kg1 Rc4 40. Be2 Rxd4 41.
Qxd4 Bxe2 42. Kf2 Bg4 43. Rg3 Bf5 44. Rb1 Rc4 45. Qd2 Qc5+ 46. Kf1 d4 47. Ne2
Bxc2 48. Rb5 Qc6 49. Nxd4 Qh1+ 50. Kf2 Be4 51. Ke3 Bd5 52. Ne2 Qe4+ 53. Kf2 Rc2
54. Qb4+ Qxb4 55. Rxb4 Bc4 56. Re3 Nc7 57. Re4 Bd3 58. Re3 Ba6 59. Kf3 Bxe2+
60. Rxe2 Rc3+ 61. Ke4 Nd5 62. Rb8+ Ke7 63. Rb7+ Ke8 64. Rb8+ Kd7 65. Rb7+ Nc7
66. Kd4 Rc1 67. Rb8 Ra1 68. Rd2 1/2-1/2

[Event "N�-LL 2005/06"]
[Site "?"]
[Date "2005.11.13"]
[Round "5"]
[White "Brandst�tter, Friedrich"]
[Black "Mayer, Martin"]
[Result "0-1"]
[WhiteElo "2108"]
[BlackElo "1967"]
[Annotator "Krems : B�hlerwerk"]
[PlyCount "78"]
[EventDate "2005.09.27"]
[SourceDate "2005.11.17"]

1. e4 c5 2. Nf3 d6 3. d4 cxd4 4. Nxd4 Nf6 5. Nc3 g6 6. Be3 Bg7 7. f3 Nc6 8. Qd2
Qa5 9. Bc4 a6 10. Bb3 Bd7 11. O-O-O O-O 12. h4 Rfc8 13. h5 Nxh5 14. Nd5 Qxd2+
15. Rxd2 Bxd4 16. Bxd4 Rf8 17. Bc3 Ng3 18. Rhd1 Rae8 19. Bf6 Be6 20. Bg5 Bxd5
21. exd5 Na5 22. Bh6 Rc8 23. Bxf8 Nxb3+ 24. axb3 Kxf8 25. Re1 Rc7 26. c3 Kg7
27. Kc2 Kf6 28. b4 h5 29. Kd3 h4 30. c4 g5 31. b3 Nh5 32. Kd4 Kf5 33. Rc2 e5+
34. dxe6 fxe6 35. Ke3 Nf4 36. Rd1 d5 37. Rdd2 e5 38. cxd5 Rxc2 39. Rxc2 Nxd5+
0-1

[Event "N�-LL 2005/06"]
[Site "?"]
[Date "2005.11.13"]
[Round "5"]
[White "Polsterer, Heinz"]
[Black "Strobel, Ferdinand"]
[Result "1/2-1/2"]
[WhiteElo "2023"]
[BlackElo "2004"]
[Annotator "Krems : B�hlerwerk"]
[PlyCount "47"]
[EventDate "2005.09.27"]
[SourceDate "2005.11.17"]

1. e4 e5 2. Nf3 f5 3. d3 d6 4. Nc3 Nf6 5. h3 Be7 6. Bg5 O-O 7. Qe2 c5 8. O-O-O
Nc6 9. Kb1 Nd4 10. Qe1 Be6 11. Ne2 Nxe2 12. Qxe2 f4 13. Bh4 Nd7 14. g3 g5 15.
gxf4 gxh4 16. f5 Bf7 17. Nh2 Kh8 18. Ng4 Bg5 19. Rg1 Bh5 20. f3 Nf6 21. Nxe5
Bf4 22. Ng4 Rg8 23. d4 cxd4 24. Rxd4 1/2-1/2

[Event "N�-LL 2005/06"]
[Site "?"]
[Date "2005.11.13"]
[Round "5"]
[White "Mahdy, Khaled"]
[Black "Sulyok, Michael"]
[Result "1/2-1/2"]
[WhiteElo "2337"]
[BlackElo "2164"]
[Annotator "Baden : Waidhofen"]
[PlyCount "51"]
[EventDate "2005.09.27"]
[SourceDate "2005.11.17"]

1. e4 g6 2. d4 Bg7 3. c3 d6 4. Nf3 Nf6 5. Bd3 O-O 6. O-O Nc6 7. Re1 e5 8. h3 h6
9. Bb5 Bd7 10. Ba4 Nh5 11. Be3 Nf4 12. Bxf4 exf4 13. Nbd2 Re8 14. Bc2 g5 15.
Nf1 Qf6 16. e5 dxe5 17. dxe5 Qe7 18. Qd3 Rad8 19. Qh7+ Kf8 20. N1h2 Nxe5 21.
Nxe5 Bxe5 22. Nf3 Qf6 23. Nxe5 Rxe5 24. Rxe5 Qxe5 25. Qxh6+ Ke7 26. Qh5 1/2-1/2

[Event "N�-LL 2005/06"]
[Site "?"]
[Date "2005.11.13"]
[Round "5"]
[White "Herndlbauer, Martin"]
[Black "Svanda, Pavel"]
[Result "1/2-1/2"]
[WhiteElo "2044"]
[BlackElo "2239"]
[Annotator "Baden : Waidhofen"]
[PlyCount "42"]
[EventDate "2005.09.27"]
[SourceDate "2005.11.17"]

1. e4 c5 2. c3 d5 3. exd5 Qxd5 4. d4 Nf6 5. Nf3 e6 6. Be3 cxd4 7. cxd4 Be7 8.
Nc3 Qd8 9. Bd3 a6 10. O-O b5 11. Re1 Bb7 12. Qe2 Nbd7 13. Rad1 O-O 14. Bg5 Nb6
15. Bc2 b4 16. Qd3 g6 17. Na4 Nxa4 18. Bxa4 Qa5 19. Bb3 Bxf3 20. Re5 Qd8 21.
Qxf3 Nd7 1/2-1/2

[Event "N�-LL 2005/06"]
[Site "?"]
[Date "2005.11.13"]
[Round "5"]
[White "Kropik, Martin"]
[Black "Geismann, Bernhard"]
[Result "1-0"]
[WhiteElo "2112"]
[BlackElo "2027"]
[Annotator "Baden : Waidhofen"]
[PlyCount "47"]
[EventDate "2005.09.27"]
[SourceDate "2005.11.17"]

1. d4 d5 2. c4 Nc6 3. cxd5 Qxd5 4. e3 e5 5. Nc3 Bb4 6. Bd2 Bxc3 7. Bxc3 exd4 8.
Ne2 Nf6 9. Nxd4 O-O 10. Be2 Qxg2 11. Bf3 Qg5 12. Nxc6 bxc6 13. Bxc6 Bg4 14. Rg1
Rad8 15. Qa4 Rd6 16. Bf3 Re8 17. Rxg4 Rxe3+ 18. fxe3 Qxe3+ 19. Be2 Re6 20. Rg2
Re4 21. Qc2 Qf3 22. Rf2 Qh1+ 23. Rf1 Qxh2 24. O-O-O 1-0

[Event "N�-LL 2005/06"]
[Site "?"]
[Date "2005.11.13"]
[Round "5"]
[White "Cika, Aragon"]
[Black "Rosenauer, Harald"]
[Result "1/2-1/2"]
[WhiteElo "1966"]
[BlackElo "1956"]
[Annotator "Baden : Waidhofen"]
[PlyCount "45"]
[EventDate "2005.09.27"]
[SourceDate "2005.11.17"]

1. d4 Nf6 2. Nf3 g6 3. c4 Bg7 4. Nc3 O-O 5. e4 d6 6. Be2 e5 7. d5 Nbd7 8. Be3
Nc5 9. Nd2 a5 10. O-O Ne8 11. Nb3 b6 12. f4 f5 13. Nxc5 bxc5 14. Qd2 Rb8 15.
Bd3 exf4 16. Bxf4 fxe4 17. Bxe4 Ba6 18. Bd3 Nf6 19. Bg5 Qd7 20. Rae1 Rbe8 21.
Rxe8 Rxe8 22. Re1 Rxe1+ 23. Qxe1 1/2-1/2

[Event "N�-LL 2005/06"]
[Site "?"]
[Date "2005.11.27"]
[Round "6"]
[White "Heimberger, Reinhard"]
[Black "Wukits, Rene"]
[Result "0-1"]
[WhiteElo "2268"]
[BlackElo "2329"]
[Annotator "Ternitz/Gloggnitz : B�hlerwerk"]
[PlyCount "76"]
[EventDate "2005.09.27"]
[SourceDate "2005.11.30"]

1. c4 e6 2. g3 d5 3. Bg2 Nf6 4. Nf3 Be7 5. O-O O-O 6. b3 a5 7. Bb2 a4 8. bxa4
c6 9. Qc2 Nbd7 10. cxd5 exd5 11. Nc3 Re8 12. d3 Nc5 13. d4 Nce4 14. Nd2 Nd6 15.
Ba3 Bf5 16. Qb2 Qd7 17. Rfe1 h5 18. f3 h4 19. e4 dxe4 20. fxe4 hxg3 21. hxg3
Bh3 22. e5 Nf5 23. Nf3 Bxa3 24. Qxa3 Nxd4 25. Rad1 Nxf3+ 26. Bxf3 Qf5 27. Ne4
Rxe5 28. Nd6 Qg5 29. Ne4 Nxe4 30. Bxe4 Rae8 31. Qd3 Bf5 32. Bxf5 Rxe1+ 33. Rxe1
Rxe1+ 34. Kf2 Re8 35. a5 g6 36. Be4 Qxa5 37. Bxg6 Qc5+ 38. Kf1 Qb5 0-1

[Event "N�-LL 2005/06"]
[Site "?"]
[Date "2005.11.27"]
[Round "6"]
[White "Weinwurm, Wolfgang"]
[Black "Brandst�tter, Friedrich"]
[Result "1-0"]
[WhiteElo "2091"]
[BlackElo "2108"]
[Annotator "Ternitz/Gloggnitz : B�hlerwerk"]
[PlyCount "61"]
[EventDate "2005.09.27"]
[SourceDate "2005.11.30"]

1. e4 c5 2. Nf3 Nc6 3. d4 cxd4 4. Nxd4 Nf6 5. Nc3 d6 6. Bg5 e6 7. Qd2 a6 8.
O-O-O h6 9. Bf4 Bd7 10. Nxc6 Bxc6 11. f3 d5 12. Qe1 Bb4 13. a3 Ba5 14. b4 Bb6
15. exd5 Nxd5 16. Nxd5 Bxd5 17. c4 Rc8 18. Kb1 Qf6 19. Be5 Qg6+ 20. Bd3 Qxg2
21. cxd5 Qxf3 22. Bxg7 Rg8 23. Bb2 Rg2 24. dxe6 Rxb2+ 25. Kxb2 Bd4+ 26. Kb1 Qd5
27. exf7+ Kf8 28. Bc2 Qc4 29. Qe4 Rd8 30. Rhe1 Qc3 31. Qe8+ 1-0

[Event "N�-LL 2005/06"]
[Site "?"]
[Date "2005.11.27"]
[Round "6"]
[White "Loidl, Florian"]
[Black "Degen, Gerhard"]
[Result "1-0"]
[WhiteElo "2132"]
[BlackElo "2117"]
[Annotator "Ternitz/Gloggnitz : B�hlerwerk"]
[PlyCount "33"]
[EventDate "2005.09.27"]
[SourceDate "2005.11.30"]

1. e4 c6 2. c4 d5 3. exd5 cxd5 4. cxd5 Nf6 5. Bb5+ Nbd7 6. Nc3 a6 7. Bxd7+ Qxd7
8. Qb3 Qg4 9. Nge2 Qxg2 10. Rg1 Qxh2 11. d4 g6 12. Bf4 Qh3 13. Rg3 Qh5 14. d6
Be6 15. Qxb7 Bd5 16. d7+ Kd8 17. Qc7# 1-0

[Event "N�-LL 2005/06"]
[Site "?"]
[Date "2005.11.27"]
[Round "6"]
[White "Penz, Harald"]
[Black "Knoll, Hermann"]
[Result "1-0"]
[WhiteElo "2283"]
[BlackElo "2344"]
[Annotator "P�chlarn : Mauerbach"]
[PlyCount "119"]
[EventDate "2005.09.27"]
[SourceDate "2005.11.30"]

1. e4 d6 2. d4 Nf6 3. Nc3 c6 4. f3 g6 5. Be3 Qb6 6. Qc1 Qc7 7. Nge2 b5 8. a3 a6
9. g4 h5 10. e5 dxe5 11. dxe5 Nd5 12. Nxd5 cxd5 13. gxh5 Rxh5 14. f4 e6 15. Nd4
Nd7 16. Be2 Rh8 17. Qd2 Nc5 18. Qc3 Qb7 19. Bf3 Bd7 20. Qd2 Be7 21. O-O Rc8 22.
Rac1 Na4 23. c3 Nb6 24. Qe2 Nc4 25. Rcd1 Qb8 26. Bc1 a5 27. Rf2 b4 28. axb4
axb4 29. Rg2 bxc3 30. bxc3 Nb6 31. Qd3 Na4 32. Rc2 Rc4 33. Re1 Qc8 34. Bd2 Bc5
35. Be3 Be7 36. Bd2 Kf8 37. Kh1 Qd8 38. Rg1 Bc5 39. Be1 Qb6 40. Bf2 Be8 41. Qd2
Qc7 42. Be2 Bxd4 43. Bxd4 Nc5 44. Qe3 Nb3 45. Bxc4 dxc4 46. h3 Bc6+ 47. Kh2 Rh5
48. Bc5+ Kg7 49. Bd6 Qa5 50. Qe2 Rh4 51. Qxc4 Qb6 52. Rg3 Na5 53. Qb4 Qa6 54.
Rf2 Nb7 55. Qb2 Qc4 56. Qd2 Qe4 57. Rf1 Rh8 58. Re1 Qf5 59. Be7 Re8 60. Rg5 1-0

[Event "N�-LL 2005/06"]
[Site "?"]
[Date "2005.11.27"]
[Round "6"]
[White "Weinzettl, Ernst"]
[Black "Weissenbeck, Manuel"]
[Result "1-0"]
[WhiteElo "2325"]
[BlackElo "2248"]
[Annotator "P�chlarn : Mauerbach"]
[PlyCount "109"]
[EventDate "2005.09.27"]
[SourceDate "2005.11.30"]

1. Nf3 Nf6 2. d4 e6 3. Bg5 h6 4. Bxf6 Qxf6 5. e4 d6 6. Nc3 Qd8 7. Qd2 Nd7 8.
O-O-O Be7 9. h4 a6 10. Qf4 c5 11. Qg3 cxd4 12. Nxd4 O-O 13. f4 Bf6 14. Qf3 Qb6
15. Nde2 Nc5 16. g4 Bd7 17. g5 Bxc3 18. Nxc3 Rac8 19. gxh6 g6 20. h5 Kh7 21.
Qg3 Rg8 22. Qg5 gxh5 23. Qe7 Be8 24. Rxd6 Qc7 25. Qxc7 Rxc7 26. Rd8 b5 27. a3
f6 28. Be2 Bc6 29. Rxg8 Kxg8 30. Bxh5 Nxe4 31. Rg1+ Kh8 32. Bg6 Nxc3 33. bxc3
Bd5 34. Kb2 f5 35. Rd1 Rc4 36. Rd4 Rc5 37. a4 a5 38. axb5 Rxb5+ 39. Kc1 Rc5 40.
Kb2 Rb5+ 41. Ka3 Rc5 42. c4 Rxc4 43. Rxc4 Bxc4 44. Ka4 e5 45. fxe5 f4 46. Be4
Bg8 47. c3 Bh7 48. Bf3 Bf5 49. Kxa5 Kh7 50. Kb6 Kxh6 51. Kc7 Kg5 52. Kd6 Bg4
53. Be4 f3 54. e6 f2 55. Bd3 1-0

[Event "N�-LL 2005/06"]
[Site "?"]
[Date "2005.11.27"]
[Round "6"]
[White "Thoma, Wilhelm"]
[Black "Porod, Robert"]
[Result "1-0"]
[WhiteElo "2095"]
[BlackElo "2032"]
[Annotator "P�chlarn : Mauerbach"]
[PlyCount "43"]
[EventDate "2005.09.27"]
[SourceDate "2005.11.30"]

1. d4 Nf6 2. c4 e6 3. Nf3 d5 4. Nc3 c6 5. cxd5 exd5 6. Bg5 Be7 7. Qc2 O-O 8. e3
h6 9. Bh4 Nbd7 10. Bd3 Re8 11. Bg3 a6 12. O-O c5 13. Rfd1 c4 14. Be2 b5 15. Ne5
Bb7 16. Bf3 b4 17. Ne2 Rc8 18. Nf4 Bf8 19. Qf5 Qe7 20. Nxd7 Ne4 21. Nxf8 Rxf8
22. Nxd5 1-0

[Event "N�-LL 2005/06"]
[Site "?"]
[Date "2005.11.27"]
[Round "6"]
[White "Steinm�ller, G�nther"]
[Black "Bechmann, Gerhard"]
[Result "1-0"]
[WhiteElo "2047"]
[BlackElo "2040"]
[Annotator "P�chlarn : Mauerbach"]
[PlyCount "61"]
[EventDate "2005.09.27"]
[SourceDate "2005.11.30"]

1. d4 f5 2. g3 Nf6 3. Bg2 c6 4. c4 g6 5. Nc3 Bg7 6. Nf3 d6 7. O-O O-O 8. Qc2
Na6 9. b3 Bd7 10. Bb2 b5 11. cxb5 cxb5 12. b4 e6 13. Qb3 Rb8 14. Rac1 Qe7 15.
a3 Kh8 16. Nb1 Rb6 17. Nfd2 e5 18. dxe5 dxe5 19. Qc3 e4 20. Nb3 Nh5 21. Qd2 Be6
22. Bxg7+ Nxg7 23. Na5 Rd6 24. Qc3 Rc8 25. Qe5 Rxc1 26. Rxc1 Rd5 27. Rc8+ Rd8
28. Nc6 Rxc8 29. Nxe7 Rc1+ 30. Bf1 Rxb1 31. Qf6 1-0

[Event "N�-LL 2005/06"]
[Site "?"]
[Date "2005.11.27"]
[Round "6"]
[White "Volkmann, Friedrich"]
[Black "Trkulja, Zoran"]
[Result "1-0"]
[WhiteElo "2416"]
[BlackElo "2226"]
[Annotator "Korneuburg : Wr.Neustadt"]
[PlyCount "57"]
[EventDate "2005.09.27"]
[SourceDate "2005.11.30"]

1. e4 c5 2. Nf3 d6 3. d4 cxd4 4. Nxd4 Nf6 5. Nc3 g6 6. Be3 Bg7 7. f3 O-O 8. Qd2
Nc6 9. Bc4 Nd7 10. O-O-O Nb6 11. Be2 Ne5 12. b3 Bd7 13. h4 Rc8 14. h5 Qc7 15.
Ndb5 Qb8 16. Bh6 f6 17. hxg6 hxg6 18. Bxg7 Kxg7 19. Qh6+ Kf7 20. Qh7+ Ke8 21.
f4 Nf7 22. Qxg6 a6 23. Rh7 Bxb5 24. Nxb5 axb5 25. Bxb5+ Nd7 26. Rxf7 Rxf7 27.
Rh1 Kd8 28. Qxf7 Qa7 29. Rh8+ 1-0